[Event "CAN-ch U16"]
[Site "Windsor"]
[Date "2016.07.08"]
[Round "7.14"]
[White "Zhu, Jeffrey Xin Yu"]
[Black "Ladhani, Qalib"]
[Result "1-0"]
[WhiteElo "1929"]
[BlackElo "1302"]
[PlyCount "77"]
[EventDate "2016.07.05"]
[EventType "swiss"]
[EventRounds "7"]
[EventCountry "CAN"]
[SourceTitle "EXT 2022"]
[Source "ChessBase"]
[SourceDate "2021.10.06"]
[SourceVersion "1"]
[SourceVersionDate "2021.10.06"]
[SourceQuality "1"]

1. d4 Nf6 2. Nf3 e6 3. g3 d5 4. Bg2 Be7 5. 0-0 0-0 6. c4 c6 7. Nc3 Nbd7 8. b3 b6 9. Bb2 Qc7 10. Rc1 Bb7 11. Re1 Rac8 12. e3 Rfe8 13. Nd2 Qb8 14. f4 dxc4 15. bxc4 c5 16. d5 e5 17. Nde4 Bd6 18. f5 g6 19. g4 Kf8 20. Qf3 Ke7 21. Nxd6 Qxd6 22. Nb5 Qb8 23. d6+ Kf8 24. Qxb7 Qxb7 25. Bxb7 Rb8 26. Bc6 gxf5 27. g5 Rbc8 28. Nc7 Red8 29. gxf6 Nxf6 30. Bxe5 a6 31. Rcd1 Ng4 32. Bf4 b5 33. h3 Nf6 34. Be5 Ne4 35. d7 Rxc7 36. Bxc7 Nc3 37. Bxd8 Nxd1 38. Rxd1 bxc4 39. Bf6 1-0

[Event "CAN-ch U14"]
[Site "Windsor"]
[Date "2015.07.09"]
[Round "6.22"]
[White "Zhu, Jeffrey Xin Yu"]
[Black "Cai, Jason"]
[Result "1-0"]
[WhiteElo "1827"]
[BlackElo "2254"]
[PlyCount "85"]
[EventDate "2015.07.06"]
[EventType "swiss"]
[EventRounds "7"]
[EventCountry "CAN"]
[SourceTitle "EXT 2022"]
[Source "ChessBase"]
[SourceDate "2021.10.06"]
[SourceVersion "1"]
[SourceVersionDate "2021.10.06"]
[SourceQuality "1"]

1. d4 Nf6 2. c4 c5 3. d5 b5 4. cxb5 a6 5. bxa6 g6 6. Nc3 Bxa6 7. e4 Bxf1 8. Kxf1 d6 9. Nf3 Nbd7 10. g3 Bg7 11. Kg2 0-0 12. a4 Ra6 13. Qe2 Qa8 14. Ra3 Ng4 15. h3 Nge5 16. Nxe5 Bxe5 17. Qb5 Nf6 18. Qc4 Ne8 19. Bh6 Ng7 20. Nb5 Ra5 21. Bd2 Bxb2 22. Ra2 Be5 23. Re1 Ne8 24. Bxa5 Qxa5 25. Rb1 Kh8 26. Na3 Nc7 27. Qc2 Bg7 28. Nc4 Qa7 29. Qb3 Na6 30. Qb7 Ra8 31. Rb6 Qxb7 32. Rxb7 Nb4 33. Ra3 Bf6 34. a5 Ra6 35. Rb6 Ra7 36. a6 Kg7 37. f4 Kf8 38. e5 dxe5 39. fxe5 Bg5 40. d6 exd6 41. Nxd6 Bd8 42. Rb8 Nc6 43. Rc8 1-0

[Event "CAN-ch U14"]
[Site "Windsor"]
[Date "2015.07.06"]
[Round "1.32"]
[White "Butchart, Brian"]
[Black "Zhu, Jeffrey Xin Yu"]
[Result "0-1"]
[WhiteElo "1148"]
[BlackElo "1827"]
[PlyCount "70"]
[EventDate "2015.07.06"]
[EventType "swiss"]
[EventRounds "7"]
[EventCountry "CAN"]
[SourceTitle "EXT 2022"]
[Source "ChessBase"]
[SourceDate "2021.10.06"]
[SourceVersion "1"]
[SourceVersionDate "2021.10.06"]
[SourceQuality "1"]

1. e4 e5 2. Nf3 Nc6 3. Bc4 Bc5 4. c3 Nf6 5. d3 h6 6. 0-0 d6 7. Nbd2 0-0 8. Re1 Ng4 9. Re2 Be6 10. Bb3 Ne7 11. h3 Nf6 12. Bxe6 fxe6 13. d4 exd4 14. cxd4 Bb6 15. Nb3 Ng6 16. Qc2 Nh5 17. Re1 Rxf3 18. gxf3 Ngf4 19. Kf1 Qg5 20. Bxf4 Nxf4 21. Reb1 Qg2+ 22. Ke1 Qg1+ 23. Kd2 Qxf2+ 24. Kc1 Qe3+ 25. Qd2 Qxf3 26. Kc2 Qxe4+ 27. Kd1 Rf8 28. Qe1 Qf3+ 29. Kc1 Nd3+ 30. Kd2 Nxe1 31. Kxe1 Qg2 32. Nd2 Rf2 33. Kd1 Rxd2+ 34. Kc1 Qe2 35. b4 Rd1# 0-1

[Event "Toronto NAYCC U12"]
[Site "Toronto"]
[Date "2013.08.17"]
[Round "6"]
[White "Zhu, Jeffrey Xin Yu"]
[Black "Zotkin, Daniel"]
[Result "0-1"]
[WhiteElo "1574"]
[BlackElo "1974"]
[PlyCount "187"]
[EventDate "2013.08.14"]
[EventType "swiss"]
[EventRounds "9"]
[EventCountry "CAN"]
[SourceTitle "EXT 2022"]
[Source "ChessBase"]
[SourceDate "2021.10.06"]
[SourceVersion "1"]
[SourceVersionDate "2021.10.06"]
[SourceQuality "1"]

1. d4 d5 2. c4 e6 3. a3 Nf6 4. Nc3 Be7 5. Nf3 Nbd7 6. Bf4 c6 7. e3 0-0 8. Bd3 b6 9. cxd5 exd5 10. Rc1 Bb7 11. 0-0 c5 12. Bf5 Ne4 13. Qc2 Ndf6 14. dxc5 bxc5 15. Rfd1 Nd6 16. Bh3 Nc4 17. Nd2 Nb6 18. b3 Bc8 19. Bxc8 Rxc8 20. Nf3 a5 21. a4 c4 22. Be5 Nfd7 23. Nxd5 Nxe5 24. Nf6+ Bxf6 25. Rxd8 Nxf3+ 26. gxf3 Rfxd8 27. bxc4 Rxc4 28. Qb1 Rxc1+ 29. Qxc1 h6 30. Qc5 Nxa4 31. Qxa5 Nc3 32. Qc7 Rd5 33. f4 Rd1+ 34. Kg2 Rd2 35. Qc8+ Rd8 36. Qc6 Nd5 37. Qb7 g6 38. Qc6 Kg7 39. Kg3 Ne7 40. Qb7 Nf5+ 41. Kf3 Nh4+ 42. Ke2 g5 43. fxg5 hxg5 44. Qc7 Ng6 45. Qb6 Re8 46. Qb5 Re6 47. Qb7 Be5 48. Qh1 Bf6 49. Qb7 Ne5 50. Qb5 Ng4 51. h3 Ne5 52. Qb7 Ng6 53. Qb5 Re5 54. Qc4 Re8 55. Qb5 Nf4+ 56. Kf3 Re5 57. Qd7 Ne6 58. Ke2 Rc5 59. Kd2 Ra5 60. Ke2 Ra2+ 61. Kf3 Rb2 62. Qd5 Rc2 63. Qd7 Rc4 64. Qd5 Rh4 65. Kg3 Rh8 66. Kg2 Rd8 67. Qc6 Rd2 68. Qc1 Rb2 69. Kf3 Rb3 70. Kg2 Rc3 71. Qd2 Rc4 72. Qd5 Rd4 73. Qb5 Rh4 74. Kg3 Rh6 75. Qd5 Nf8 76. Qc5 Ng6 77. Qd5 Be5+ 78. Kg2 Bf6 79. Kg3 Ne7 80. Qc5 Rh8 81. Kg2 Rd8 82. Qb5 Rd5 83. Qb7 Rd2 84. Qb4 Rb2 85. Qc5 Ng6 86. Qc1 Nh4+ 87. Kg1 Ra2 88. Qc5 Ra1+ 89. Kh2 Ng6 90. Kg2 Nh4+ 91. Kh2 Rf1 92. Kg3 Rg1+ 93. Kh2 Rg2+ 94. Kh1 0-1

[Event "Toronto NAYCC U12"]
[Site "Toronto"]
[Date "2013.08.16"]
[Round "4"]
[White "Zhu, Jeffrey Xin Yu"]
[Black "Frutos, Chase"]
[Result "0-1"]
[WhiteElo "1574"]
[BlackElo "1942"]
[PlyCount "50"]
[EventDate "2013.08.14"]
[EventType "swiss"]
[EventRounds "9"]
[EventCountry "CAN"]
[SourceTitle "EXT 2022"]
[Source "ChessBase"]
[SourceDate "2021.10.06"]
[SourceVersion "1"]
[SourceVersionDate "2021.10.06"]
[SourceQuality "1"]

1. d4 Nf6 2. c4 e6 3. a3 Be7 4. Nc3 0-0 5. e4 d5 6. e5 Nfd7 7. cxd5 Nb6 8. dxe6 Bxe6 9. Nf3 Bg4 10. Be2 Nc6 11. Be3 Qd7 12. Qd3 Rad8 13. 0-0-0 Na5 14. Qb5 Nc6 15. Bd3 Be6 16. Bc2 Bc4 17. e6 Qxe6 18. Qh5 g6 19. Qh6 Bb3 20. Rhe1 Bxc2 21. Kxc2 Qf5+ 22. Kc1 Na5 23. Kd2 Nac4+ 24. Ke2 Nxb2 25. Ra1 Qd3# 0-1

[Event "CAN-ch U10"]
[Site "Windsor"]
[Date "2010.07.09"]
[Round "7"]
[White "Zhu, Jeffrey Xin Yu"]
[Black "Cheung, Lukas"]
[Result "1-0"]
[WhiteElo "1212"]
[BlackElo "1040"]
[PlyCount "61"]
[EventDate "2010.07.06"]
[EventType "swiss"]
[EventRounds "7"]
[EventCountry "CAN"]
[SourceTitle "EXT 2012"]
[Source "ChessBase"]
[SourceDate "2011.11.24"]
[SourceVersion "1"]
[SourceVersionDate "2011.11.24"]
[SourceQuality "1"]

1. d4 d5 2. c4 c6 3. Nc3 f6 4. Nf3 Bf5 5. Bf4 e6 6. e3 Bd6 7. Bxd6 Qxd6 8. c5 Qd7 9. Bd3 Na6 10. a3 b6 11. Bxa6 Qc7 12. Bd3 bxc5 13. dxc5 Ne7 14. e4 dxe4 15. Bxe4 Rd8 16. Qb3 Qe5 17. Nxe5 fxe5 18. Bxf5 exf5 19. 0-0 Nd5 20. Nxd5 Rxd5 21. Qb8+ Rd8 22. Qxe5+ Kd7 23. Qxg7+ Kc8 24. Qxa7 Rhe8 25. Rad1 Rxd1 26. Rxd1 h5 27. Qd7+ Kb8 28. Qxe8+ Kb7 29. Rd7+ Ka6 30. Qb8 f4 31. Ra7# 1-0

[Event "CAN-ch U10"]
[Site "Windsor"]
[Date "2010.07.06"]
[Round "2"]
[White "Aghamalian, Derick"]
[Black "Zhu, Jeffrey Xin Yu"]
[Result "1-0"]
[WhiteElo "1445"]
[BlackElo "1212"]
[PlyCount "85"]
[EventDate "2010.07.06"]
[EventType "swiss"]
[EventRounds "7"]
[EventCountry "CAN"]
[SourceTitle "EXT 2012"]
[Source "ChessBase"]
[SourceDate "2011.11.24"]
[SourceVersion "1"]
[SourceVersionDate "2011.11.24"]
[SourceQuality "1"]

1. e4 e5 2. Nf3 Nc6 3. Bc4 Be7 4. Nc3 Bf6 5. d3 Nge7 6. Be3 0-0 7. 0-0 Ng6 8. Qd2 Nd4 9. Bxd4 exd4 10. Ne2 c5 11. c3 Qb6 12. cxd4 cxd4 13. Qc2 Ne7 14. e5 d5 15. exf6 Qxf6 16. Bb3 a5 17. Nexd4 Bd7 18. a3 a4 19. Ba2 Nc6 20. Qc3 Qg6 21. Bxd5 Bh3 22. Nd2 Rad8 23. Bxc6 bxc6 24. Qxc6 Rd6 25. Qe4 Qg5 26. Rfe1 Rxd4 27. Qf3 Rxd3 28. Ne4 Qg6 29. Re3 Rfd8 30. Qxh3 Rd1+ 31. Re1 Rxe1+ 32. Rxe1 Kh8 33. Qg3 Qf5 34. Qg5 Qd7 35. h3 Re8 36. Qc1 Qe6 37. Kf1 Qa6+ 38. Kg1 Qe6 39. Re3 Qh6 40. Nd6 Rf8 41. Nxf7+ Rxf7 42. Re8+ Rf8 43. Rxf8# 1-0

[Event "CAN-ch U10"]
[Site "Windsor"]
[Date "2010.07.06"]
[Round "1"]
[White "Zhu, Jeffrey Xin Yu"]
[Black "Xia, Jefferson"]
[Result "1-0"]
[WhiteElo "1212"]
[BlackElo "843"]
[PlyCount "91"]
[EventDate "2010.07.06"]
[EventType "swiss"]
[EventRounds "7"]
[EventCountry "CAN"]
[SourceTitle "EXT 2012"]
[Source "ChessBase"]
[SourceDate "2011.11.24"]
[SourceVersion "1"]
[SourceVersionDate "2011.11.24"]
[SourceQuality "1"]

1. d4 d5 2. c4 c6 3. c5 Nf6 4. Nc3 e6 5. Nf3 Be7 6. Bg5 h6 7. Bxf6 Bxf6 8. e4 dxe4 9. Nxe4 Nd7 10. Nd6+ Ke7 11. Qd2 b6 12. Bc4 bxc5 13. dxc5 Nxc5 14. Rd1 Rb8 15. Nf5+ Ke8 16. Nxg7+ Ke7 17. Nf5+ Ke8 18. Nd6+ Ke7 19. Nf5+ Ke8 20. Qf4 e5 21. Rxd8+ Kxd8 22. Qd2+ Ke8 23. Nd6+ Ke7 24. Nxf7 Rh7 25. Qd6+ Ke8 26. Qxc6+ Bd7 27. Nd6+ Kd8 28. Qxc5 Be7 29. 0-0 Bxd6 30. Qxd6 e4 31. Ne5 Rxb2 32. Bg8 Re7 33. Be6 Rb7 34. Bxd7 Rb2 35. Rd1 Rb6 36. Qd2 Kc7 37. Rc1+ Kb7 38. Bc8+ Kb8 39. Qd8 a6 40. Bxa6+ Ka7 41. Qxe7+ Kxa6 42. Nc4 Rb4 43. Qxb4 Ka7 44. Qb5 h5 45. Na5 Ka8 46. Qb7# 1-0